| 000 | 00436nam a2200157Ia 4500 | ||
|---|---|---|---|
| 008 | 240729s9999 xx 000 0 und d | ||
| 022 | _a2002-3901 | ||
| 245 | 0 | _aCurrent Swedish Archaeology | |
| 260 | _aSweden | ||
| 260 | _bSvenska Arkeologiska Samfundet | ||
| 650 | _a Archaeology | ||
| 650 | _aAuxiliary sciences of history | ||
| 856 | _uhttps://doaj.org/toc/c34aa4621b60488aa9b75989fe622e2e | ||
| 942 | _2ddc | ||
| 942 | _cDOAJEJ | ||
| 999 |
_c72968 _d72968 |
||
| 945 |
_a1 _bMadushi Gamage _c1 _dMadushi Gamage |
||